Journal of multidisciplinary research

Detalles Bibliográficos
Autor Corporativo: Saint Thomas University (Miami, Fla.)
Formato: Electrónico Revista
Lenguaje:inglés
Publicado: Miami Gardens, Fla. : St. Thomas University
Materias:
Acceso en línea:Full text available from Research Library: 04/01/2010 to present

MARC

LEADER 00000nas a22000007a 4500
001 ssj0000547830
003 WaSeSS
005 20200512172242.0
006 m d
007 cr n
008 090406c20099999flufr p s | a0eng c
010 |a  2009202554 
016 7 |a 2567734-2  |2 DE-600 
022 |a 1947-2919  |y 1947-2900 
035 |a (WaSeSS)ssj0000547830 
037 |b St. Thomas University, 16401 N.W. 37th Ave., Miami Gardens, FL 33054 
040 |a NSD  |b eng  |c NSD  |d HEBIS  |d DLC  |d CUS  |d OCLCQ  |d OCLCF  |d OCLCQ  |d WaSeSS 
042 |a pcc  |a nsdp 
050 1 4 |a Q180.55.I48 
082 1 0 |a 001.4  |2 14 
130 0 |a Journal of multidisciplinary research (Miami Gardens, Fla. : Online) 
222 0 |a Journal of multidisciplinary research  |b (Miami Gardens, Fla. Online) 
245 1 0 |a Journal of multidisciplinary research  |h [electronic resource]. 
246 1 3 |a JMR 
260 |a Miami Gardens, Fla. :  |b St. Thomas University 
310 |a Semiannual 
362 1 |a Began with: Vol. 1, no. 1 (spring 2009). 
506 |a License restrictions may limit access. 
588 |a Description based on: Vol. 1, no. 1 (spring 2009); title from journal information page (STU, viewed Mar. 19, 2012). 
588 |a Latest issue consulted: Vol. 3, no. 3 (fall 2011). 
650 0 |a Interdisciplinary research  |v Periodicals. 
650 7 |a Interdisciplinary research.  |2 fast  |0 (OCoLC)fst00976131 
655 0 |a Electronic journals. 
710 2 |a Saint Thomas University (Miami, Fla.) 
776 0 8 |i Print version:  |t Journal of multidisciplinary research (Miami Gardens, Fla. : Print)  |x 1947-2900  |w (DLC) 2009202553  |w (OCoLC)317879878 
856 4 0 |z Full text available from Research Library: 04/01/2010 to present  |u https://search.proquest.com/publication/287912